| 000 | 00342nam a2200145Ia 4500 | ||
|---|---|---|---|
| 005 | 20251222144839.0 | ||
| 008 | 251222s9999||||xx |||||||||||||| ||spa|| | ||
| 020 | _a978-85-225-0847 | ||
| 082 | _a363.3/M82 | ||
| 100 | _aMoraes Ferreira, Marieta de | ||
| 245 | 0 | _aSeguranca e Cidadania. | |
| 250 | _a1a.ed. | ||
| 264 | _bFGV | ||
| 942 | _cLIB | ||
| 999 |
_c21154 _d21154 |
||